000 00850nam a2200229Ii 4500
003 JO-AjNU
008 230605s9999||||xx |||||||||||||| ||und||
017 _a2004/3168
020 _a977-322-132-6
040 _aJO-AjNU
_bara
_erda
_cJO-AjNU
041 _aara
050 1 4 _aDS109 M836 2004
100 3 _aاعداد عوض، محمد مؤنس,
_eauthor
_98990
245 0 0 _aالرحالة الأوروبيون في العصور الوسطى: نماذج مختار
250 _aط1
264 3 1 _aالقاهرة: عين للدراسات والبحوث الإنسانية والإجتماعية، 2004
300 _a164ص
336 _atext
_btxt
_2rdacontent
337 _aunmediated
_bn
_2rdamedia
338 _avolume
_bnc
_2rdacarrier
650 4 _aالرحالة الأوروبيون -- تراجم -اوروبا--تاريخ--حتى 642
_98991
999 _aA1071
_c4639
_d4639